000 00592nam a22002537a 4500
003 UA-OsUOA
001 28556
007 ta
008 20050407b un ||||| |||| 00| 0 ukr d
100 _aРусова Софія
090 _a82-94.161.2
_bР88
942 _cBK
040 _aUA-OsUOA
_bukr
_cUA-OsUOA
_dUA-OsUOA
245 _aМемуари. Щоденник
300 _a544 с.
955 _a0
041 _aukr
080 _a82-94.161.2
020 _a966-530-021-0
260 _aК.
_bПоліграфкнига
_c2004
044 _aUA
650 7 _2UDC
999 _c314925
_d314925